Melam/ (Record no. 148941)

000 -LEADER
fixed length control field 00373nam a22001451a 4500
082 ## - DEWEY DECIMAL CLASSIFICATION NUMBER
Classification number M1
Item number KES/M
100 ## - MAIN ENTRY--PERSONAL NAME
Personal name Kesavan Kalamandalam
245 ## - TITLE STATEMENT
Title Melam/
Statement of responsibility, etc. by Kesavan Kalamandalam.
260 ## - PUBLICATION, DISTRIBUTION, ETC.
Place of publication, distribution, etc. Kottayam:
Name of publisher, distributor, etc. Benjamin Bailey Research Centre,
Date of publication, distribution, etc. 1993.
300 ## - PHYSICAL DESCRIPTION
Extent 88p.
650 ## - SUBJECT ADDED ENTRY--TOPICAL TERM
Topical term or geographic name entry element Poetry Malayalam
650 ## - SUBJECT ADDED ENTRY--TOPICAL TERM
Topical term or geographic name entry element Literature Malayalam
650 ## - SUBJECT ADDED ENTRY--TOPICAL TERM
Topical term or geographic name entry element Literature
942 ## - ADDED ENTRY ELEMENTS (KOHA)
Koha item type Book
Holdings
Withdrawn status Lost status Damaged status Not for loan Permanent Location Current Location Shelving location Date acquired Cost, normal purchase price Total Checkouts Full call number Barcode Date last seen Price effective from Koha item type
        RC Thuravoor RC Thuravoor   02.04.2019 15.00   M1 KES/M TH001156 02.04.2019 02.04.2019 Book